| 000 | 00658nam a2200217 u 4500 | ||
|---|---|---|---|
| 005 | 20240831063803.0 | ||
| 008 | 150309s1995 r 000 0 eng d | ||
| 020 | _a8476470940 | ||
| 035 | _aUPN01000202384 | ||
| 049 | _aI | ||
| 050 | 4 |
_aPZ73 _bR6.5 |
|
| 100 | 1 |
_aRodríguez Almodóvar, Antonio, _d1941- _930636 |
|
| 245 | 1 | 3 |
_aEl caballito de siete colores / _cA. R. Almodóvar ; il. Gerardo Amechazurra. |
| 260 |
_aSevilla, Esp. : _bAlgaida, _c1995. |
||
| 300 |
_a15 p. : _bil. col. |
||
| 440 | 0 |
_aCuentos de la media lunita ; _v33 |
|
| 650 | 4 |
_aCuentos infantiles españoles _97725 |
|
| 905 | _aInfantil | ||
| 999 |
_c174485 _d174485 |
||